000 00330nam a2200133 i 4500
001 bg
100 1 _aSPIVAK, M.V.
245 0 _aTechnologia izgotovlenija i stroistva krupnopnelinych domov /
_cM.V. Spivak.
260 _aKiev,
_c1969.
040 _cBPK
041 _apol
942 _cKS
008 s pl f |000 0 pol
999 _c8685
_d8685
856 _uhttp://koha.tu.koszalin.pl/cgi-bin/koha/opac-detail.pl?biblionumber=8685
_yKatalog online BPK